[Event "Colombo Mercantile op 11th"]
[Site "Colombo"]
[Date "2023.04.30"]
[Round "5"]
[White "Pathum, G Saranga"]
[Black "Senavin, Dunura"]
[Result "0-1"]
[WhiteElo "1623"]
[BlackElo "1747"]
[PlyCount "45"]
[EventDate "2023.04.28"]
[EventType "swiss"]
[EventRounds "7"]
[EventCountry "SRI"]
[SourceTitle "CBM 214 Extra"]
[Source "ChessBase"]
[SourceDate "2023.07.31"]
[SourceVersion "1"]
[SourceVersionDate "2023.07.31"]
[SourceQuality "1"]

1. e4 d5 2. exd5 Qxd5 3. Nc3 Qa5 4. d4 Nf6 5. Nf3 Bg4 6. h3 Bxf3 7. Qxf3 c6 8. Bc4 e6 9. 0-0 Bd6 10. Ne4 Be7 11. c3 Nbd7 12. Bb3 Nxe4 13. Qxe4 Nf6 14. Qe2 0-0 15. Bf4 Rfe8 16. Rad1 Rad8 17. Rd3 Bd6 18. Bxd6 Rxd6 19. Re3 Red8 20. Re5 Qc7 21. Bc4 Nd5 22. Re1 c5 23. Rd1 0-1

[Event "SRI-chB"]
[Site "Narahenpita"]
[Date "2017.05.19"]
[Round "6"]
[White "Senavin, Dunura"]
[Black "Aluvihare, Shakila"]
[Result "1-0"]
[WhiteElo "1764"]
[BlackElo "1656"]
[PlyCount "81"]
[EventDate "2017.05.12"]
[EventType "swiss"]
[EventRounds "10"]
[EventCountry "SRI"]
[SourceTitle "CBM 178 Extra"]
[Source "ChessBase"]
[SourceDate "2017.06.22"]
[SourceVersion "1"]
[SourceVersionDate "2017.06.22"]
[SourceQuality "1"]

1. d4 Nf6 2. Bf4 c5 3. e3 e6 4. c3 b6 5. Nf3 Bb7 6. Nbd2 Be7 7. h3 0-0 8. Bd3 Nc6 9. a3 Nd5 10. Bh2 f5 11. Nb3 Rc8 12. c4 Nf6 13. d5 exd5 14. cxd5 c4 15. Bxc4 Nb8 16. d6+ Rxc4 17. dxe7 Qxe7 18. Bd6 Qe6 19. Bxf8 Kxf8 20. Nbd4 Qd5 21. Rc1 f4 22. Rxc4 Qxc4 23. Qc2 Qa6 24. Qc7 Nc6 25. Qd6+ Ne7 26. Ne5 Bxg2 27. Rg1 Bxh3 28. Ne2 Qa5+ 29. Nc3 fxe3 30. fxe3 Qc5 31. Qxc5 bxc5 32. Nd3 c4 33. Nf4 Bf5 34. Rf1 Ke8 35. Rg1 g6 36. Kd2 h5 37. Rg5 Kf7 38. Rg1 Nc6 39. Nb5 Ne4+ 40. Ke1 Ne5 41. Rg2 1-0

[Event "Asia-ch U14"]
[Site "Ulaanbaatar"]
[Date "2016.04.11"]
[Round "6"]
[White "Harshavardhan, GB."]
[Black "Senavin, Dunura"]
[Result "1-0"]
[WhiteElo "1861"]
[BlackElo "1616"]
[PlyCount "45"]
[EventDate "2016.04.06"]
[EventType "swiss"]
[EventRounds "9"]
[EventCountry "MGL"]
[SourceTitle "EXT 2017"]
[Source "ChessBase"]
[SourceDate "2016.10.25"]
[SourceVersion "1"]
[SourceVersionDate "2016.10.25"]
[SourceQuality "1"]

1. d4 c5 2. d5 Nf6 3. c4 e6 4. Nc3 exd5 5. cxd5 d6 6. Nf3 a6 7. a4 g6 8. Nd2 Nbd7 9. e4 Bg7 10. Be2 0-0 11. 0-0 Re8 12. f4 Rb8 13. Kh1 Qc7 14. Qc2 Kh8 15. Ra2 Ng8 16. Bd3 Nh6 17. h3 Nb6 18. a5 Na8 19. Nc4 b5 20. axb6 Nxb6 21. Nxb6 Qxb6 22. Qa4 Re7 23. Qc6 1-0